Gendering caste : (Record no. 85606)

MARC details
000 -LEADER
fixed length control field 00746nam a22002657a 4500
003 - CONTROL NUMBER IDENTIFIER
control field OSt
005 - DATE AND TIME OF LATEST TRANSACTION
control field 20250313115103.0
008 - FIXED-LENGTH DATA ELEMENTS--GENERAL INFORMATION
fixed length control field 250313b |||||||| |||| 00| 0 eng d
020 ## - INTERNATIONAL STANDARD BOOK NUMBER
International Standard Book Number 8185604541
040 ## - CATALOGING SOURCE
Transcribing agency STCPL
041 ## - LANGUAGE CODE
Language code of text/sound track or separate title English
082 ## - DEWEY DECIMAL CLASSIFICATION NUMBER
Classification number 305.5
Item number UMA-G
100 ## - MAIN ENTRY--PERSONAL NAME
Personal name Chakravarti, Uma
245 ## - TITLE STATEMENT
Title Gendering caste :
Remainder of title Through a feminist lens /
Statement of responsibility, etc. by Uma Chakravarti
260 ## - PUBLICATION, DISTRIBUTION, ETC.
Place of publication, distribution, etc. Culcutta :
Name of publisher, distributor, etc. Stree ,
Date of publication, distribution, etc. 2003 .
300 ## - PHYSICAL DESCRIPTION
Extent 183 p.
Other physical details Paper Back
490 ## - SERIES STATEMENT
Series statement Theorizing feminism / edited by Maithreyi Krishnaraj
650 ## - SUBJECT ADDED ENTRY--TOPICAL TERM
Topical term or geographic name entry element Understanding caste
650 ## - SUBJECT ADDED ENTRY--TOPICAL TERM
Topical term or geographic name entry element Caste class and gender
650 ## - SUBJECT ADDED ENTRY--TOPICAL TERM
Topical term or geographic name entry element Caste in colonial period
650 ## - SUBJECT ADDED ENTRY--TOPICAL TERM
Topical term or geographic name entry element Caste and gender in contemporary india
942 ## - ADDED ENTRY ELEMENTS (KOHA)
Koha item type Books
942 ## - ADDED ENTRY ELEMENTS (KOHA)
Source of classification or shelving scheme Dewey Decimal Classification
Suppress in OPAC No
942 ## - ADDED ENTRY ELEMENTS (KOHA)
Source of classification or shelving scheme Dewey Decimal Classification
Suppress in OPAC No

No items available.

Rights reserved ©2021 ST. THOMAS COLLEGE LIBRARY
A joint venture of - St. Thomas College Library and
Department of Computer Science, St. Thomas Collge Palai